Langues les plus parlées dans le monde - Statistiques

Statistiques générales
  • Ce quiz a été pris 96 fois
  • Le résultat moyen est 7 sur 10
Statistiques - réponses
Locuteurs Langues % Correct
1,465,000,000 Anglais
100%
309,000,000 Français
99%
1,138,000,000 Chinois Mandarin
98%
559,000,000 Espagnol
95%
274,000,000 Arabe
86%
255,000,000 Portugais
84%
263,000,000 Russe
72%
609,000,000 Hindi
63%
272,000,000 Bengali
24%
231,000,000 Ourdou
11%
Aucun quiz correspondant
Distribution des résultats
% des personnes avec chaque résultat
Percentile par nombre de réponses
Votre historique - résultats
Vous n’avez pas pris ce quiz